Orientación pediátrica : (Registro nro. 13731)

Detalles MARC
000 -LIDER
fixed length control field 00965nam a22002537a 4500
003 - IDENTIFICACDOR DE NÚMERO DE CONTROL
control field DO-SdBNP
005 - DATE AND TIME OF LATEST TRANSACTION
control field 20220404124956.0
008 - ELEMENTOS DE LONGITUD FIJA
fixed length control field 210915b2016 dr ||||| 0 spa d
020 ## - ISBN
International Standard Book Number 9789945903324
040 ## - FUENTE DE CATALOGACIÓN
Agencia que crea de manera original el registro BPMSU
Idioma de catalogación Spa
Agencia que realiza la transcripción BPMSU
082 ## - NÚMERO DE CLASIFICACIÓN DECIMAL DE DEWEY
Classification number 618.92
Item number M917o 2016
Edition number 22
100 1# - ASIENTO PRINCIPAL -- NOMBRE PERSONAL
Nombre personal Mota García, Marcos de
Fechas asociadas con el nombre 1961 -
245 10 - MENCIÓN DE TITULO
Título Orientación pediátrica :
Subtítulo visión médica, social y gremial /
Mención de responsabilidad Marcos de Mota García ;prólogo Francisco Oscar Espino Torres.
260 ## - PUBLICACIÓN, DISTRIBUCIÓN, ETC. (PIE DE IMPRENTA)
Lugar de publicación, distribución, etc Santo Domingo :
Nombre del editor, distribuidor, etc. Editorial Opus ,
Fecha de publicación, distribución, etc 2016
300 ## - DESCRIPCIÓN FÍSICA
Extensión 524 p. ;
Dimensiones 23 cm.
500 ## - NOTA GENERAL
Nota general Incluye datos biográficos del autor en la solapa de la cubierta
Institución que aplica el campo Incluye referencias bibliográficas y notas al pie de las páginas
590 ## - NOTA LOCAL
Enlace Inventariado, 2021/VM
650 #4 - ENCABEZAMIENTO DE MATERIA--TEMÁTICO
Término temático o nombre geográfico como elemento de entrada Pediatría.
650 #4 - ENCABEZAMIENTO DE MATERIA--TEMÁTICO
Término temático o nombre geográfico como elemento de entrada Niños
Subdivisión temática general Cuidado e higiene
Subdivisión de forma Pediatría
Término temático seguido del nombre geográfico como elemento de entrada
650 #4 - ENCABEZAMIENTO DE MATERIA--TEMÁTICO
Término temático o nombre geográfico como elemento de entrada Enfermedades infantiles
700 1# - ASIENTO SECUNDARIO -- NOMBRE PERSONAL
Nombre personal Espino Torres, Francisco Oscar,
Mención de responsabilidad pról.
910 ## - VALIDACIÓN
Validación MCabrera / VMateo V
942 ## - ADDED ENTRY ELEMENTS (KOHA)
Source of classification or shelving scheme Dewey Decimal Classification
Koha item type Libros
Existencias
Withdrawn status Lost status Source of classification or shelving scheme Damaged status Not for loan Collection code Home library Current library Date acquired Total Checkouts Full call number Barcode Date last seen Price effective from Koha item type
    Dewey Decimal Classification     Colección Dominicana Biblioteca Pública Metropolitana Salomé Ureña Biblioteca Pública Metropolitana Salomé Ureña 04/04/2022   BPMSU CD 618.92 M917o 2016 BPMSU22040006 04/04/2022 04/04/2022 Libros